LEADER 00869nlm 2200265I 450 001 996407849603316 005 20210322115019.0 100 $a20160829d1939---- uy 0 101 0 $aeng 135 $adrcnu 200 1 $a<> background of anti-English feeling in Germany, 1890-1902$fby Pauline Relyea Anderson 210 1 $aWashington, D.C.$cAmerican University Press$d1939 215 $aTesto elettronico (PDF) (XXII, 382 p.) 230 $aBase dati testuale 410 0$aACLS Humanities E-Book. 606 0 $aPropaganda$yGermania$2BNCF 676 $a303.3750943 700 1$aANDERSON,$bPauline Relyea$0791407 712 02$aAmerican Council of Learned Societies. 801 0$bcba$aIT$bcba$gREICAT 912 $a996407849603316 959 $aEB 969 $aER 996 $aBackground of anti-English feeling in Germany, 1890-1902$91768822 997 $aUNISA LEADER 01087nam0 22003013i 450 001 MIL0155098 005 20231121125537.0 010 $a2130448100 100 $a20150507d1992 ||||0itac50 ba 101 | $afre 102 $afr 181 1$6z01$ai $bxxxe 182 1$6z01$an 200 1 $aLitte?rature franc?aise du 20. sie?cle$fMarie-Claire Bancquart, Pierre Cahné 210 $aParis$cPresses universitaires de France$d1992 215 $aVIII, 564 p.$d22 cm. 225 | $aPremier Cycle 410 0$1001MIL0112232$12001 $aPremier Cycle 700 1$aBancquart$b, Marie-Claire$3BVEV012347$4070$0389975 701 1$aCahné$b, Pierre-Alain$3MILV006730$4070$0402392 801 3$aIT$bIT-01$c20150507 850 $aIT-FR0017 899 $aBiblioteca umanistica Giorgio Aprea$bFR0017 $eN 912 $aMIL0155098 950 0$aBiblioteca umanistica Giorgio Aprea$d 52MAG 10/1971$e 52LLC0000047675 VMN RS $fA $h20150507$i20150507 977 $a 52 996 $aLitte?rature franc?aise du 20. sie?cle$93609659 997 $aUNICAS